00237nam a2200097 a 4500008004100000050001600041100001700057245002300074260003300097350000900130120416s1989 ||||||||||||||||| || u aHG 3881 Smi aSmith, Roy C14aThe Global bankers aNew YorkbTruman/Plumec1989 a0.00